000 00363nam a2200157Ia 4500
001 R-1649
003 CODICE-MESSINA
005 20260212102510.0
008 260211s9999 xx 000 0 und d
040 _cimportazione_messina
100 _aPietro Calabrese
245 0 _aIl Gioco Delle Nuvole
245 0 _bRomanzo
260 _bRizzoli
942 _2ddc
_cBK
999 _c28156
_d28156